[Event "Wroclaw op"]
[Site "Wroclaw"]
[Date "2019.08.06"]
[Round "3"]
[White "Demski, Michal"]
[Black "Smal, Tobiasz"]
[Result "0-1"]
[WhiteElo "1608"]
[BlackElo "2027"]
[PlyCount "90"]
[EventDate "2019.08.05"]
[EventType "swiss"]
[EventRounds "9"]
[EventCountry "POL"]
[SourceTitle "CBM 191 Extra"]
[Source "ChessBase"]
[SourceDate "2019.09.30"]
[SourceVersion "1"]
[SourceVersionDate "2019.09.30"]
[SourceQuality "1"]

1. e4 c5 2. Nc3 Nc6 3. g3 g6 4. Bg2 Bg7 5. Nge2 e6 6. d3 Nge7 7. Be3 Nd4 8. Qd2 0-0 9. 0-0 d6 10. f4 Rb8 11. Nc1 b5 12. Nd1 b4 13. c3 Ndc6 14. d4 bxc3 15. bxc3 Na5 16. Qf2 cxd4 17. Bxd4 Nec6 18. Bxg7 Kxg7 19. Ne3 Ba6 20. Rd1 Nc4 21. Nxc4 Bxc4 22. Kh1 Qa5 23. Qf3 d5 24. Nb3 Qb5 25. f5 h6 26. Qe3 dxe4 27. fxg6 f5 28. Rd6 Rfd8 29. Rad1 Bxb3 30. axb3 Qxb3 31. Rxd8 Rxd8 32. Rxd8 Qb1+ 33. Qg1 Qxg1+ 34. Kxg1 Nxd8 35. c4 Kxg6 36. c5 Kf6 37. Kf2 Ke5 38. Ke3 Kd5 39. Kf4 Kxc5 40. g4 Kd4 41. g5 hxg5+ 42. Kxg5 a5 43. h4 a4 44. h5 a3 45. h6 Nf7+ 0-1

[Event "Krakow op-B 29th"]
[Site "Krakow"]
[Date "2018.12.29"]
[Round "4"]
[White "Adamczewski, Maciej"]
[Black "Smal, Tobiasz"]
[Result "1-0"]
[WhiteElo "2080"]
[BlackElo "1958"]
[PlyCount "59"]
[EventDate "2018.12.27"]
[EventType "swiss"]
[EventRounds "9"]
[EventCountry "POL"]
[SourceTitle "CBM 189 Extra"]
[Source "ChessBase"]
[SourceDate "2019.06.03"]
[SourceVersion "1"]
[SourceVersionDate "2019.06.03"]
[SourceQuality "1"]

1. d4 Nf6 2. c4 g6 3. Nc3 Bg7 4. Nf3 0-0 5. e4 d6 6. Be2 Na6 7. 0-0 e5 8. Be3 Ng4 9. Bg5 Qe8 10. Re1 h6 11. Bh4 f5 12. h3 Nf6 13. dxe5 dxe5 14. exf5 gxf5 15. Bf1 e4 16. Nd4 Qg6 17. Nde2 Nh5 18. Nd5 Qf7 19. Qc2 Be5 20. g4 fxg4 21. Qxe4 Re8 22. Ng3 Nxg3 23. Bxg3 Bf5 24. Qxe5 Rxe5 25. Rxe5 Be6 26. Rae1 Bxd5 27. cxd5 Rd8 28. hxg4 Nb4 29. Bc4 b5 30. Bb3 1-0

[Event "POL-ch blitz"]
[Site "Szczawno Zdroj"]
[Date "2018.12.16"]
[Round "15"]
[White "Bartel, Michal"]
[Black "Smal, Tobiasz"]
[Result "0-1"]
[WhiteElo "2306"]
[BlackElo "1958"]
[PlyCount "60"]
[EventDate "2018.12.16"]
[EventType "swiss (blitz)"]
[EventRounds "15"]
[EventCountry "POL"]
[SourceTitle "CBM 187 Extra"]
[Source "ChessBase"]
[SourceDate "2018.11.04"]
[SourceVersion "1"]
[SourceVersionDate "2018.11.04"]
[SourceQuality "1"]

1. e4 c5 2. Ne2 d6 3. g3 Nf6 4. Bg2 g6 5. c3 Bg7 6. d4 cxd4 7. cxd4 0-0 8. Nbc3 Nc6 9. 0-0 Bg4 10. f3 Bd7 11. Be3 a6 12. Qd2 Rc8 13. b3 Qa5 14. Rac1 Rfd8 15. g4 b5 16. Ng3 e5 17. dxe5 dxe5 18. Qf2 Nd4 19. Nce2 Qxa2 20. Nxd4 Qxf2+ 21. Bxf2 exd4 22. Bxd4 Be6 23. Rxc8 Rxc8 24. b4 Rc4 25. Bc5 Nd7 26. Bd6 Bd4+ 27. Kh1 Bc3 28. Rb1 Rd4 29. Be7 Ba2 30. Ra1 Bxa1 0-1

[Event "POL-ch blitz"]
[Site "Szczawno Zdroj"]
[Date "2018.12.16"]
[Round "8"]
[White "Dobrowolski, Piotr"]
[Black "Smal, Tobiasz"]
[Result "1-0"]
[WhiteElo "2419"]
[BlackElo "1958"]
[PlyCount "51"]
[EventDate "2018.12.16"]
[EventType "swiss (blitz)"]
[EventRounds "15"]
[EventCountry "POL"]
[SourceTitle "CBM 187 Extra"]
[Source "ChessBase"]
[SourceDate "2018.11.04"]
[SourceVersion "1"]
[SourceVersionDate "2018.11.04"]
[SourceQuality "1"]

1. e4 c5 2. c3 e6 3. d4 d5 4. exd5 exd5 5. Bb5+ Nc6 6. Nf3 Nf6 7. 0-0 Be7 8. dxc5 0-0 9. Bxc6 bxc6 10. b4 a5 11. Nd4 Qc7 12. Nd2 Re8 13. Re1 Bg4 14. f3 Bh5 15. N2b3 axb4 16. cxb4 Nd7 17. Bd2 Bg6 18. Na5 Ne5 19. Bf4 Bxc5 20. Naxc6 Qxc6 21. bxc5 Qxc5 22. Bxe5 f6 23. Bg3 Rxe1+ 24. Bxe1 Bc2 25. Qd2 Ra4 26. Bf2 1-0

[Event "POL-ch blitz"]
[Site "Szczawno Zdroj"]
[Date "2018.12.16"]
[Round "14"]
[White "Smal, Tobiasz"]
[Black "Piotrowski, Przemyslaw"]
[Result "1/2-1/2"]
[WhiteElo "1958"]
[BlackElo "2269"]
[PlyCount "123"]
[EventDate "2018.12.16"]
[EventType "swiss (blitz)"]
[EventRounds "15"]
[EventCountry "POL"]
[SourceTitle "CBM 187 Extra"]
[Source "ChessBase"]
[SourceDate "2018.11.04"]
[SourceVersion "1"]
[SourceVersionDate "2018.11.04"]
[SourceQuality "1"]

1. c4 g6 2. Nc3 Bg7 3. d4 Nf6 4. Nf3 0-0 5. g3 d6 6. Bg2 c5 7. 0-0 Nc6 8. d5 Na5 9. Nd2 a6 10. Qc2 Rb8 11. b3 b5 12. Bb2 e5 13. e4 Bd7 14. Rab1 Qc8 15. Rfe1 h5 16. Nd1 h4 17. Ne3 Nh5 18. Bc3 b4 19. Bb2 Bh3 20. Bh1 f5 21. Ndf1 f4 22. Ng2 g5 23. Qd1 Nf6 24. f3 hxg3 25. hxg3 Kf7 26. g4 Rh8 27. Kf2 Rh6 28. Nd2 Qd7 29. Rg1 Rbh8 30. a3 Rb8 31. axb4 Rxb4 32. Bc3 Qb7 33. Bxb4 Qxb4 34. Ra1 Bxg2 35. Bxg2 Qc3 36. Qe2 Nxb3 37. Nxb3 Qxb3 38. Rxa6 Bf8 39. Rga1 Be7 40. Ra7 Ng8 41. Qa2 Qe3+ 42. Kf1 Rh2 43. Re1 Qd3+ 44. Qe2 Qd4 45. Ra4 Qc3 46. Qf2 Qd3+ 47. Kg1 Rh4 48. Bf1 Qb3 49. Ra7 Nf6 50. Be2 Qb8 51. Rea1 Qh8 52. Qg2 Qb8 53. Bf1 Qb3 54. R1a3 Qb1 55. Ra1 Qb3 56. R1a3 Qb1 57. Ra1 Qb4 58. R7a4 Qc3 59. Qf2 Nxg4 60. fxg4 Rxg4+ 61. Kh1 Rh4+ 62. Kg1 1/2-1/2

[Event "POL-ch blitz"]
[Site "Szczawno Zdroj"]
[Date "2018.12.16"]
[Round "11"]
[White "Smieszek, Wojciech"]
[Black "Smal, Tobiasz"]
[Result "0-1"]
[WhiteElo "2138"]
[BlackElo "1958"]
[PlyCount "126"]
[EventDate "2018.12.16"]
[EventType "swiss (blitz)"]
[EventRounds "15"]
[EventCountry "POL"]
[SourceTitle "CBM 187 Extra"]
[Source "ChessBase"]
[SourceDate "2018.11.04"]
[SourceVersion "1"]
[SourceVersionDate "2018.11.04"]
[SourceQuality "1"]

1. e4 c5 2. Nf3 d6 3. d4 cxd4 4. Nxd4 Nf6 5. Nc3 a6 6. Be3 e5 7. Nb3 Be6 8. Qd2 Nc6 9. 0-0-0 d5 10. exd5 Bg4 11. f3 Nd4 12. fxg4 Nxb3+ 13. axb3 Nxg4 14. d6 f5 15. d7+ Kf7 16. Bc4+ Kg6 17. h3 Nf6 18. Qf2 h6 19. Qg3+ Kh7 20. Bf7 g5 21. Bxg5 hxg5 22. Qxg5 Bh6 23. h4 Qe7 24. Kb1 Bxg5 25. hxg5+ Kg7 26. Rxh8 Kxh8 27. gxf6 Qxf6 28. Be8 e4 29. Nd5 Qf8 30. Nc7 Rb8 31. Ne6 Qe7 32. Nf4 Kg8 33. Ng6 Qf6 34. Rh1 Qe6 35. Nf4 Qe5 36. Ng6 Qe6 37. g3 Kg7 38. Nf4 Qe5 39. Nh5+ Kf8 40. Nf4 Kg7 41. Rd1 Rxe8 42. dxe8Q Qxe8 43. Kc1 Kf6 44. Rd6+ Kg7 45. Kd2 Qe5 46. Rg6+ Kf7 47. Rh6 Qxb2 48. Nd5 Qd4+ 49. Ke2 Qg1 50. Rf6+ Ke8 51. Nf4 Qxg3 52. Nd5 Qf3+ 53. Ke1 e3 54. Re6+ Kd7 55. Rxe3 Qxd5 56. Rd3 Qxd3 57. cxd3 Kd6 58. Kd2 Kd5 59. Ke3 a5 60. Kd2 Kd4 61. Kc2 f4 62. Kd2 f3 63. Ke1 Kxd3 0-1

[Event "EU-ch rapid"]
[Site "Skopje"]
[Date "2018.12.08"]
[Round "1"]
[White "Smal, Tobiasz"]
[Black "Laznicka, Viktor"]
[Result "0-1"]
[WhiteElo "1958"]
[BlackElo "2675"]
[PlyCount "77"]
[EventDate "2018.12.08"]
[EventType "swiss (rapid)"]
[EventRounds "13"]
[EventCountry "MKD"]
[SourceTitle "CBM 187 Extra"]
[Source "ChessBase"]
[SourceDate "2018.11.04"]
[SourceVersion "1"]
[SourceVersionDate "2018.11.04"]
[SourceQuality "1"]

1. c4 c6 2. Nc3 d5 3. cxd5 cxd5 4. d4 Nf6 5. Nf3 Nc6 6. Bf4 a6 7. e3 Bf5 8. Bd3 Bxd3 9. Qxd3 e6 10. 0-0 Be7 11. a3 Nd7 12. e4 Nb6 13. Ne5 dxe4 14. Qxe4 Qxd4 15. Nxc6 Qxe4 16. Nxe4 bxc6 17. Nd6+ Bxd6 18. Bxd6 Kd7 19. Rfd1 Nd5 20. Bc5 a5 21. b4 Rhb8 22. Rab1 axb4 23. axb4 e5 24. Rb3 Ke6 25. Rdb1 Ra2 26. g3 Rc2 27. R1b2 Rc4 28. Kg2 g5 29. h3 h5 30. Rb1 h4 31. R1b2 hxg3 32. fxg3 f5 33. Kf2 f4 34. Kg2 e4 35. Kf2 Kf5 36. Kg2 Rc1 37. Bd6 Rd8 38. Bc5 Ra8 39. Bf2 0-1

[Event "POL-chT Academic"]
[Site "Katowice"]
[Date "2018.02.04"]
[Round "9.22"]
[White "Smal, Tobiasz"]
[Black "Daniel, Damian"]
[Result "1-0"]
[WhiteElo "1958"]
[BlackElo "2122"]
[PlyCount "175"]
[EventDate "2018.02.03"]
[EventType "team-swiss (rapid)"]
[EventRounds "9"]
[EventCountry "POL"]
[SourceTitle "CBM 182 Extra"]
[Source "ChessBase"]
[SourceDate "2018.02.23"]
[SourceVersion "1"]
[SourceVersionDate "2018.02.23"]
[SourceQuality "1"]
[WhiteTeam "Poznan UE"]
[BlackTeam "Wroclaw PWr"]
[WhiteTeamCountry "POL"]
[BlackTeamCountry "POL"]

1. c4 e5 2. Nc3 Nf6 3. g3 c6 4. Bg2 d5 5. cxd5 cxd5 6. d3 d4 7. Nb1 Nc6 8. Nf3 h6 9. 0-0 Bd6 10. Nbd2 0-0 11. a3 Be6 12. b4 a6 13. Bb2 Rc8 14. Nb3 b6 15. Nfd2 Bd5 16. Bh3 Be6 17. Bxe6 fxe6 18. Rc1 Nd5 19. Ne4 Nf6 20. Nbd2 Nxe4 21. Nxe4 b5 22. Qb3 Qd7 23. a4 Ne7 24. axb5 axb5 25. Nc5 Bxc5 26. bxc5 Qc6 27. e3 Nf5 28. e4 Ne7 29. f4 exf4 30. gxf4 Kh7 31. Bxd4 Ng6 32. Be3 Rcd8 33. Rcd1 Rd7 34. Qc2 Rdf7 35. Qd2 Qc7 36. e5 Ne7 37. Qg2 Nf5 38. Qe4 Kh8 39. d4 Rb8 40. Bc1 b4 41. Bb2 b3 42. Kh1 Qa5 43. Qe1 Qb5 44. Qc3 Rd7 45. Qd3 Qb7+ 46. Qf3 Qb4 47. Bc3 Qb5 48. c6 Rd5 49. Bb2 Qxc6 50. Rc1 Qd7 51. Rfd1 Kh7 52. Rc4 Qb5 53. Rdc1 Rbd8 54. Qd3 R8d7 55. Qe4 Qa5 56. Qd3 Qa8 57. Kg1 Qb7 58. Ba3 Rb5 59. Rb1 Kh8 60. Bc5 b2 61. Rc2 Rb3 62. Qe2 Nh4 63. Rcxb2 Nf3+ 64. Kf2 Nh4 65. Rxb3 Qg2+ 66. Ke1 Qh1+ 67. Kd2 Qd5 68. Qd3 Nf5 69. Rb8+ Kh7 70. Rg1 Qa2+ 71. Qc2 Qa5+ 72. Ke2 Qa6+ 73. Kf2 Qc6 74. Rb6 Qd5 75. Rd6 Rxd6 76. exd6 g6 77. Qd3 h5 78. Re1 Nh4 79. Qe4 Qa2+ 80. Re2 Qb3 81. d7 Qh3 82. d8Q Qxh2+ 83. Ke1 Qg3+ 84. Kd2 Qb3 85. Qxh4 Qb2+ 86. Qc2 Qb5 87. Qxh5+ Kg7 88. Qcxg6# 1-0

[Event "POL-ch Academic"]
[Site "Katowice"]
[Date "2018.02.02"]
[Round "5"]
[White "Smal, Tobiasz"]
[Black "Wiewiora, Eneasz"]
[Result "0-1"]
[WhiteElo "1958"]
[BlackElo "2333"]
[PlyCount "64"]
[EventDate "2018.02.02"]
[EventType "swiss (rapid)"]
[EventRounds "9"]
[EventCountry "POL"]
[SourceTitle "CBM 182 Extra"]
[Source "ChessBase"]
[SourceDate "2018.02.23"]
[SourceVersion "1"]
[SourceVersionDate "2018.02.23"]
[SourceQuality "1"]

1. c4 e6 2. Nc3 d5 3. d4 Nf6 4. cxd5 exd5 5. Bg5 Be7 6. Qc2 c6 7. e3 Nbd7 8. Bd3 Nh5 9. Bxe7 Qxe7 10. Nf3 Nf4 11. 0-0 Nxd3 12. Qxd3 0-0 13. a3 a5 14. e4 dxe4 15. Qxe4 Qd6 16. Rad1 Nf6 17. Qe5 Rd8 18. Rfe1 Bg4 19. Qg3 Qxg3 20. hxg3 Kf8 21. Rd2 Rd6 22. Ne5 Be6 23. Ne2 Rad8 24. Rc2 Bb3 25. Rc5 a4 26. f3 Nd5 27. Kf2 Nc7 28. Nc4 Re6 29. Na5 Bd5 30. Rc3 Nb5 31. Re3 Rxe3 32. Kxe3 b6 0-1

[Event "POL-ch U18"]
[Site "Szklarska Poreba"]
[Date "2016.03.18"]
[Round "7"]
[White "Adamczewski, Maciej"]
[Black "Smal, Tobiasz"]
[Result "1/2-1/2"]
[WhiteElo "1961"]
[BlackElo "2017"]
[PlyCount "35"]
[EventDate "2016.03.13"]
[EventType "swiss"]
[EventRounds "9"]
[EventCountry "POL"]
[SourceTitle "EXT 2018"]
[Source "ChessBase"]
[SourceDate "2017.10.13"]
[SourceVersion "1"]
[SourceVersionDate "2017.10.13"]
[SourceQuality "1"]

1. d4 Nf6 2. c4 g6 3. Nc3 d5 4. cxd5 Nxd5 5. e4 Nxc3 6. bxc3 Bg7 7. Nf3 0-0 8. Rb1 c5 9. Be2 cxd4 10. cxd4 Qa5+ 11. Bd2 Qxa2 12. Qc1 Qa4 13. Bb5 Qa2 14. Bc4 Qa4 15. Bb5 Qa2 16. Bc4 Qa4 17. Bb5 Qa2 18. Bc4 1/2-1/2

[Event "POL-ch U18"]
[Site "Szklarska Poreba"]
[Date "2016.03.16"]
[Round "1"]
[White "Wisniewski, Michal"]
[Black "Smal, Tobiasz"]
[Result "1-0"]
[WhiteElo "2273"]
[BlackElo "2017"]
[PlyCount "61"]
[EventDate "2016.03.13"]
[EventType "swiss"]
[EventRounds "9"]
[EventCountry "POL"]
[SourceTitle "EXT 2018"]
[Source "ChessBase"]
[SourceDate "2017.10.13"]
[SourceVersion "1"]
[SourceVersionDate "2017.10.13"]
[SourceQuality "1"]

1. e4 c5 2. Nf3 d6 3. d4 cxd4 4. Qxd4 Nc6 5. Bb5 Bd7 6. Qd3 g6 7. c4 Bg7 8. Nc3 Nf6 9. 0-0 0-0 10. h3 a6 11. Bxc6 Bxc6 12. Be3 Nd7 13. Nd4 Nc5 14. Qc2 Ne6 15. Nxe6 fxe6 16. Qb3 Qd7 17. f3 b5 18. cxb5 Bxb5 19. Nxb5 axb5 20. Rfc1 Rfc8 21. Rxc8+ Rxc8 22. a4 bxa4 23. Rxa4 Kf7 24. Ra7 Qc6 25. Qb7 Qe8 26. b4 Rb8 27. Qc7 Rxb4 28. Qxd6 Ra4 29. Rb7 Ra1+ 30. Kh2 Rb1 31. Qf4+ 1-0

[Event "POL-ch U18"]
[Site "Szklarska Poreba"]
[Date "2016.03.15"]
[Round "3"]
[White "Smal, Tobiasz"]
[Black "Litner, Igor"]
[Result "1-0"]
[WhiteElo "2017"]
[BlackElo "1883"]
[PlyCount "107"]
[EventDate "2016.03.13"]
[EventType "swiss"]
[EventRounds "9"]
[EventCountry "POL"]
[SourceTitle "EXT 2018"]
[Source "ChessBase"]
[SourceDate "2017.10.13"]
[SourceVersion "1"]
[SourceVersionDate "2017.10.13"]
[SourceQuality "1"]

1. e4 e5 2. Nf3 Nc6 3. d4 exd4 4. Bc4 Be7 5. 0-0 d6 6. Nxd4 Nxd4 7. Qxd4 Bf6 8. Qd3 Qe7 9. Nc3 Bxc3 10. Qxc3 Nf6 11. Bg5 h6 12. Bh4 Qe5 13. Qb3 0-0 14. Rae1 Ng4 15. Bg3 Qc5 16. h3 Ne5 17. Bxe5 Qxe5 18. f4 Qc5+ 19. Kh2 b5 20. Qxb5 Qxb5 21. Bxb5 Rb8 22. Bd3 Rxb2 23. Rb1 Rxa2 24. Ra1 Rxa1 25. Rxa1 a6 26. Bxa6 Bxa6 27. Rxa6 Re8 28. Ra4 Rb8 29. Kg3 f6 30. Kf3 Rb2 31. Rc4 c5 32. e5 fxe5 33. fxe5 dxe5 34. Ke4 Kf7 35. Kxe5 Rb1 36. Kd6 Rg1 37. Rf4+ Kg6 38. Rf2 c4 39. Kd5 c3 40. Kd4 Kg5 41. Kxc3 Kh4 42. Kd3 Kg3 43. Rd2 Ra1 44. c4 Ra3+ 45. Kd4 Ra4 46. Kc5 Ra8 47. Kb6 Kf4 48. c5 Ke3 49. Rd6 g5 50. c6 Rb8+ 51. Ka7 Rb2 52. c7 Rc2 53. Kb7 Rb2+ 54. Rb6 1-0

[Event "Gora Sw Anny op 9th"]
[Site "Gora Sw Anny"]
[Date "2016.02.05"]
[Round "6"]
[White "Zylka, Stanislaw"]
[Black "Smal, Tobiasz"]
[Result "1-0"]
[WhiteElo "2080"]
[BlackElo "2006"]
[PlyCount "35"]
[EventDate "2016.02.01"]
[EventType "swiss"]
[EventRounds "10"]
[EventCountry "POL"]
[SourceTitle "CBM 170 Extra"]
[Source "ChessBase"]
[SourceDate "2016.02.25"]
[SourceVersion "1"]
[SourceVersionDate "2016.02.25"]
[SourceQuality "1"]

1. d4 Nf6 2. Nf3 g6 3. c4 Bg7 4. g3 0-0 5. Bg2 d6 6. 0-0 Nc6 7. Nc3 Bf5 8. Ne1 Qd7 9. Bh1 Bh3 10. Ng2 Ng4 11. e3 e5 12. d5 Ne7 13. f3 Nh6 14. Ne4 b6 15. Bd2 Bf5 16. Nf2 Qd8 17. e4 Bd7 18. Qc1 1-0

[Event "Gora Sw Anny op 9th"]
[Site "Gora Sw Anny"]
[Date "2016.02.04"]
[Round "5"]
[White "Smal, Tobiasz"]
[Black "Teclaf, Pawel"]
[Result "1/2-1/2"]
[WhiteElo "2006"]
[BlackElo "2170"]
[PlyCount "105"]
[EventDate "2016.02.01"]
[EventType "swiss"]
[EventRounds "10"]
[EventCountry "POL"]
[SourceTitle "CBM 170 Extra"]
[Source "ChessBase"]
[SourceDate "2016.02.25"]
[SourceVersion "1"]
[SourceVersionDate "2016.02.25"]
[SourceQuality "1"]

1. Nf3 Nf6 2. c4 c5 3. Nc3 b6 4. g3 Bb7 5. Bg2 e6 6. 0-0 Be7 7. d4 cxd4 8. Nxd4 Bxg2 9. Kxg2 0-0 10. Ndb5 a6 11. Nd4 Qc7 12. Qb3 d6 13. Bg5 Nc6 14. Nxc6 Qxc6+ 15. Kg1 Rfc8 16. Rac1 Rab8 17. Nb1 h6 18. Bf4 Rb7 19. Rfd1 Rd8 20. Qd3 b5 21. Na3 Qe8 22. cxb5 axb5 23. Nc2 Rc8 24. Nb4 Rc4 25. a3 Rbc7 26. b3 Rxc1 27. Rxc1 Rxc1+ 28. Bxc1 d5 29. Bd2 Ne4 30. Be1 Nc5 31. Qc2 Qa8 32. Qa2 d4 33. f3 e5 34. Kg2 e4 35. a4 bxa4 36. bxa4 exf3+ 37. exf3 Qxa4 38. Qxa4 Nxa4 39. Kf2 f5 40. Ke2 Nc5 41. Nc6 Bf6 42. Bf2 d3+ 43. Kd2 Bg5+ 44. Kd1 Nb3 45. Ne5 d2 46. f4 Bf6 47. Nf3 Bc3 48. Be3 Kf7 49. Bxd2 Nxd2 50. Nxd2 Ke6 51. Nf3 Kd5 52. Ke2 Ke4 53. Nh4 1/2-1/2

[Event "POL-ch U18"]
[Site "Karpacz"]
[Date "2015.03.20"]
[Round "7"]
[White "Smal, Tobiasz"]
[Black "Snihur, Piotr"]
[Result "0-1"]
[WhiteElo "2136"]
[BlackElo "2247"]
[PlyCount "104"]
[EventDate "2015.03.15"]
[EventType "swiss"]
[EventRounds "9"]
[EventCountry "POL"]
[SourceTitle "EXT 2017"]
[Source "ChessBase"]
[SourceDate "2016.10.25"]
[SourceVersion "1"]
[SourceVersionDate "2016.10.25"]
[SourceQuality "1"]

1. e4 c5 2. Nf3 e6 3. d4 cxd4 4. Nxd4 Nc6 5. Nc3 Qc7 6. Be3 Nf6 7. f3 a6 8. Qd2 Be7 9. 0-0-0 0-0 10. g4 b5 11. Nxc6 dxc6 12. Qf2 e5 13. h4 Be6 14. h5 Nd7 15. g5 Rfd8 16. g6 Nf8 17. Rxd8 Qxd8 18. gxf7+ Bxf7 19. Qg3 Bf6 20. f4 exf4 21. Bxf4 Ne6 22. Be3 b4 23. Nd1 Nd4 24. Nf2 b3 25. cxb3 Qa5 26. Ng4 Nxb3+ 27. Kb1 Nd2+ 28. Bxd2 Qxa2+ 29. Kc1 Qxb2+ 30. Kd1 Qb1+ 31. Ke2 Qxe4+ 32. Be3 Bg5 33. Bg2 Qf5 34. Bxg5 Qxg5 35. Kf2 Rf8 36. Kg1 Bxh5 37. Rh4 Bg6 38. Kh2 Re8 39. Bxc6 Re2+ 40. Nf2 Qc5 41. Qb8+ Be8 42. Qb3+ Kh8 43. Rxh7+ Kxh7 44. Qd3+ Bg6 45. Qxe2 Qxc6 46. Qd2 Qc5 47. Kg3 Qe5+ 48. Kg2 a5 49. Nh3 Qe4+ 50. Kg3 Qd3+ 51. Qxd3 Bxd3 52. Nf4 Bc4 0-1

[Event "Gryfice Region-ch 11th"]
[Site "Gryfice"]
[Date "2013.11.09"]
[Round "3"]
[White "Smal, Tobiasz"]
[Black "Kabacinski, Krzysztof"]
[Result "1-0"]
[WhiteElo "1928"]
[BlackElo "1505"]
[PlyCount "111"]
[EventDate "2013.11.09"]
[EventType "swiss"]
[EventRounds "9"]
[EventCountry "POL"]
[SourceTitle "EXT 2023"]
[Source "ChessBase"]
[SourceDate "2022.10.05"]
[SourceVersion "1"]
[SourceVersionDate "2022.10.05"]
[SourceQuality "1"]

1. e4 c5 2. Nf3 d6 3. d4 cxd4 4. Nxd4 Nf6 5. f3 g6 6. c4 Nc6 7. Nc3 Bg7 8. Be3 0-0 9. Qd2 Re8 10. Be2 Bd7 11. 0-0 Ne5 12. Rac1 a6 13. Rfd1 Rc8 14. b3 Qc7 15. h3 Qb8 16. f4 Nc6 17. Bf3 Rcd8 18. g4 e5 19. Nxc6 Bxc6 20. fxe5 dxe5 21. Nd5 b5 22. Bg5 Bxd5 23. cxd5 Qa7+ 24. Be3 Qb7 25. Rc2 Rc8 26. Rdc1 Bf8 27. Rc6 Rxc6 28. Rxc6 Nd7 29. Qa5 Rc8 30. Qxa6 Qxa6 31. Rxa6 Rc3 32. Kf2 Nc5 33. Ra8 Rc2+ 34. Kf1 Kg7 35. Rb8 Rxa2 36. Rxb5 Ra1+ 37. Ke2 Ra2+ 38. Kd1 Ra1+ 39. Kc2 Nd7 40. Rb7 Nf6 41. g5 Ne8 42. Ra7 Rxa7 43. Bxa7 Bb4 44. Be3 Kf8 45. Bd2 Bd6 46. Kd3 Nc7 47. Kc4 Na6 48. b4 Ke8 49. Kb5 Nb8 50. Be3 Kd7 51. Bg4+ Kc7 52. Bb6+ Kb7 53. Bc7 Bc5 54. bxc5 Kxc7 55. d6+ Kd8 56. c6 1-0

[Event "Rewal op-A 18th"]
[Site "Rewal"]
[Date "2013.08.26"]
[Round "6"]
[White "Smal, Tobiasz"]
[Black "Puczylowski, Marcin"]
[Result "0-1"]
[WhiteElo "1928"]
[BlackElo "2033"]
[PlyCount "114"]
[EventDate "2013.08.20"]
[EventType "swiss"]
[EventRounds "9"]
[EventCountry "POL"]
[SourceTitle "CBM 156 Extra"]
[Source "ChessBase"]
[SourceDate "2013.10.22"]
[SourceVersion "1"]
[SourceVersionDate "2013.10.22"]
[SourceQuality "1"]

1. d4 Nf6 2. c4 c5 3. Nf3 cxd4 4. Nxd4 e6 5. Nc3 Bb4 6. Qb3 Qa5 7. Bd2 e5 8. Ndb5 Nc6 9. a3 a6 10. Nc7+ Qxc7 11. axb4 Nd4 12. Qd1 Qxc4 13. e3 Qe6 14. exd4 exd4+ 15. Ne2 d3 16. Bc3 dxe2 17. Bxe2 0-0 18. 0-0 Ne4 19. Re1 Nxc3 20. bxc3 Qf6 21. Qd2 Rd8 22. c4 d6 23. Bf3 Rb8 24. Red1 Be6 25. Qd3 g6 26. b5 axb5 27. cxb5 d5 28. Ra4 Rbc8 29. Rd4 Rc5 30. Qb3 b6 31. h3 Qe5 32. Qb4 Qc7 33. Qb3 Qd7 34. Be2 Rdc8 35. Bf1 Rc1 36. Qd3 Qd6 37. Be2 Qc5 38. Bf3 Bf5 39. Qd2 Rxd1+ 40. Qxd1 Qxb5 41. Rxd5 Qc4 42. Rd8+ Kg7 43. Rxc8 Bxc8 44. Qb1 Qd4 45. Be2 Bf5 46. Qb3 Qa1+ 47. Bd1 Be6 48. Qc2 b5 49. Kh2 b4 50. Qd2 Qe5+ 51. g3 Qc3 52. Qxc3+ bxc3 53. g4 Bc4 54. Bc2 Kf6 55. f4 Ke6 56. Kg3 Kd5 57. Kf3 Kd4 0-1